Điều khiển logic và ứng dụng; T1 Hệ thống logic hai trạng thái và ứng dụng; logic mờ và điều khiển mờ

Sách cung cấp kiến thức cơ bản và hiện đại về phương pháp tiếp cận hệ thống điều khiển logic, từ logic rõ đến logic mờ và việc ứng dụng bộ điều khiển logic khả trình ( PLC ) trong công nghiệp....

Täydet tiedot

Tallennettuna:
Bibliografiset tiedot
Päätekijä: Nguyễn Trọng Thuần
Aineistotyyppi: Kirja
Kieli:Undetermined
Julkaistu: Hà Nội KHKT 2000
Aiheet:
Tagit: Lisää tagi
Ei tageja, Lisää ensimmäinen tagi!
Thư viện lưu trữ: Trung tâm Học liệu Trường Đại học Cần Thơ
LEADER 01048nam a2200217Ia 4500
001 CTU_39905
008 210402s9999 xx 000 0 und d
020 |b 27.000đ; 29.000đ ( lô 01.04 ) 
082 |a 620.00151 
082 |b Th502/T1 
100 |a Nguyễn Trọng Thuần 
245 0 |a Điều khiển logic và ứng dụng; T1 
245 0 |b Hệ thống logic hai trạng thái và ứng dụng; logic mờ và điều khiển mờ 
245 0 |c Nguyễn Trọng Thuần 
260 |a Hà Nội 
260 |b KHKT 
260 |c 2000 
520 |a Sách cung cấp kiến thức cơ bản và hiện đại về phương pháp tiếp cận hệ thống điều khiển logic, từ logic rõ đến logic mờ và việc ứng dụng bộ điều khiển logic khả trình ( PLC ) trong công nghiệp. 
650 |a engineering mathematics,fuzzy logic,fuzzy set 
904 |i Minh, 001212 
980 |a Trung tâm Học liệu Trường Đại học Cần Thơ